000 00525nam a2200205Ia 4500
005 20250923150408.0
008 008 250917s9999 xx 000 0 eng d
037 _aTextual
040 _aDSWL
_beng
_cDSWL
041 _aeng
_2eng
084 _qDSWL
100 _aShepherd, Kancha Llaiah
_9845503
245 0 _aWhy I am not a Hindu
_cby Kancha Llaiah Shepherd
260 _aNew Delhi
_b Sage Pub.
_c2019
300 _a165 p.
365 _aINR
_b475
925 _g475
942 _cTEXL
999 _c1463002
_d1463002